000 00526nam a2200205Ia 4500
005 20250923150123.0
008 008 250917s9999 xx 000 0 eng d
037 _aTextual
040 _aDSWL
_beng
_cDSWL
041 _aeng
_2eng
084 _qDSWL
100 _aMathur, B.L.
_9842454
245 0 _aHuman resource management
_c by B.L.Mathur
260 _aNew Delhi
_b Mohit Publication India
_c2002
300 _av+336p.
365 _aINR
_b650
925 _g650
942 _cTEXL
999 _c1459780
_d1459780